000 00307nam a22001337a 4500
008 170622b xxu||||| |||| 00| 0 eng d
020 _a0822312670
041 _aeng
080 _a32
100 _a21
101 _aSHP
245 _aDEVELOPMENTS IN SOVIET& POST-SOVIET POLITICS
_cWHITE,S
942 _2udc
_cBK
999 _c18661
_d18661